000 01381nam a2200289 a 4500
001 20622549
008 200624s2019 ||||||||||||||||| || u
010 _a2018035968
020 _a9781107619074
020 _a9781107043787 (hardback)
050 _aQH 541.15 Bon
100 _aBonan, Gordon
245 1 0 _aClimate change and terrestrial ecosystem modeling
_cBy Gordon Bonan, National Center for Atmospheric Research, Boulder, Colorado.
260 _aNew York
_bCambridge University Press
_c2019
300 _axix, 437 pages : illustrations
337 _aunmediated
338 _avolume
_2rdacarrier
500 _aIncludes bibliographical references and index.
650 0 _aGLOBAL ENVIRONMENTAL CHANGE
650 0 _aCLIMATIC CHANGES
650 0 _aBLOTIC COMMUNITIES--MATHEMATICAL MODELS
650 0 _aECOLOGY--MATHEMATICAL MODELS
995 _aMAIN LIBRARY OPEN ACCESS
_e750282
_FCBU-MAIN LIBRARY (Kitwe)
_jQH 541.15 Bon
_M2
_UAVAILABLE
_WJun 24, 2020
_y750282
_ZMain Library Open Access Collection
995 _aMAIN LIBRARY OPEN ACCESS
_e750281
_FCBU-MAIN LIBRARY (Kitwe)
_jQH 541.15 Bon
_M1
_UAVAILABLE
_WJun 24, 2020
_y750281
_ZMain Library Open Access Collection
995 _aMAIN LIBRARY OPEN ACCESS
_D125.32
_e750426
_FCBU-MAIN LIBRARY (Kitwe)
_jQH 541.15 Bon
_M3
_UAVAILABLE
_WJul 29, 2020
_y750426
_ZMain Library Open Access Collection
999 _c79408
_d79408